00283 a2200109 4500001000700000020000600007040001100013100004300024240005100067245004600118362000900164164985 a  cMagnum aOliveira, Maria Rita Neto Sales Et Al.10aDidatica: ruptura, compromisso e pesquisalpor10aDidatica: ruptura, compromisso e pesquisa0 a1899